000
00296nam a22001337a 4500
008
180313b xxu||||| |||| 00| 0 eng d
020
_a
9780887308819
041
_a
eng
080
_a
338
100
_a
54
101
_a
MEN
245
_a
Dogbert's management handbook
_c
Adams,S
942
_2
udc
_c
BK
999
_c
44928
_d
44928